000 00706nam a2200229 i 4500
001 bg
100 1 _aGRZYBOWSKI, Stanisław
245 0 _aHistoria Irlandii /
_cStanisław Grzybowski.
250 _aWyd. 3.
260 _aWrocław :
_bZakład Narodowy im. Ossolińskich,
_c2003.
300 _a340, [1] s. :
_bmapy ;
_c25 cm.
504 _aWskazówki bibliogr. Indeksy.
651 9 _aIrlandia
_xhistoria
020 _a8304046776
040 _cBPK
041 0 _apol
080 _a94(415)
920 _a83-04-04677-6
942 _cKS
008 s pl f |000 0 pol
999 _c52245
_d52245
856 _uhttp://koha.tu.koszalin.pl/cgi-bin/koha/opac-detail.pl?biblionumber=52245
_yKatalog online BPK